|
|
|
|
| LEADER |
00000n m0a2200000 4500 |
| 001 |
142951 |
| 005 |
20231031142921.0 |
| 020 |
|
|
|a RU
|b 87-46807
|
| 035 |
|
|
|a (RuTPU)RU\TPU\book\154912
|
| 090 |
|
|
|a 142951
|
| 100 |
|
|
|a 20080915d1987 m y0rusy5003 ca
|
| 101 |
0 |
|
|a rus
|
| 102 |
|
|
|a RU
|
| 105 |
|
|
|a a z 000ab
|
| 200 |
1 |
|
|a Литератор Писарев
|e Роман
|f С. А. Лурье
|g авт. послесл. Б. Ф. Егоров ; худож. Н. Васильев
|
| 210 |
|
|
|a Ленинград
|c Советский писатель
|c Ленингр. отд-ние
|d 1987
|
| 215 |
|
|
|a 349,[2] с., [1] л. портр.
|c ил.
|d 21 см
|
| 333 |
|
|
|a Исключено из фонда НТБ ТПУ
|
| 675 |
|
|
|a Р2
|z rus
|
| 700 |
|
1 |
|a Лурье
|b С. А.
|g Самуил Аронович
|4 070
|
| 702 |
|
1 |
|a Егоров
|b Б. Ф.
|4 075
|
| 702 |
|
1 |
|a Васильев
|b Н.
|4 440
|
| 801 |
|
0 |
|a RU
|b RuMRKP
|c 19950417
|g psbo
|
| 801 |
|
1 |
|a RU
|b 63413507
|c 20080915
|g PSBO
|
| 801 |
|
2 |
|a RU
|b 63413507
|c 20210511
|g PSBO
|
| 942 |
|
|
|c BK
|